[Event "Hessenliga 9899"]
[Site "GER"]
[Date "1999.??.??"]
[Round "?"]
[White "Reschke, Thomas"]
[Black "Janoschka, Arnd"]
[Result "1/2-1/2"]
[WhiteElo "2230"]
[BlackElo "2220"]

1.c4 e6 2.Nf3 d5 3.b3 c5 4.g3 Nc6 5.Bg2 Nf6 6.O-O Be7 7.Bb2 O-O 8.e3 b6 9.Nc3 Bb7
10.cxd5 exd5 11.d4 Re8 12.Rc1 Rc8 13.dxc5 Bxc5 14.Na4 Be7 15.Nd4 Ne4 16.Nf5 Bf8
17.Nc3 Ba6 18.Nxd5 Qg5 19.g4 h5 20.Bxe4 Rxe4 21.f3 Ree8 22.h4 Qd8 23.Nh6+ Kh7
24.Nxf7 Qxh4 25.Qc2+ Kg8 26.Nh6+ Kh8 27.Nf4 Qg3+ 28.Kh1 Ne5 29.Bxe5 Rxc2
30.Ng6+ Kh7 31.Nxf8+ Rxf8 32.Bxg3 Bxf1 33.Rxc2 Kxh6 34.Bf4+ Kg6 35.gxh5+ Kxh5
36.Kg1 Bd3 37.Rd2 Bb1 38.Rg2 Rf7 39.Rg5+ Kh6 40.Kh2 Kh7 41.a3 Bg6 42.Rd5 Rf5
43.Rd7 Rf7 44.Rd8 Bf5 45.Kg3 Rd7 46.Re8 Bg6  1/2-1/2

[Event "Oberliga Nord N9899"]
[Site "GER"]
[Date "1999.??.??"]
[Round "?"]
[White "Kuehn, Stefan"]
[Black "Krause, Ullrich"]
[Result "1/2-1/2"]
[WhiteElo "2310"]
[BlackElo "2270"]

1.c4 e6 2.Nf3 d5 3.g3 Nf6 4.Bg2 Be7 5.b3 O-O 6.Bb2 c6 7.O-O Nbd7 8.d3 b5
9.Nbd2 a5 10.Rc1 Bb7 11.Rc2 Qb6 12.cxb5 cxb5 13.Qa1 Rfc8 14.Rfc1 b4 15.Bd4 Qa6
16.Ne5 Nxe5 17.Bxe5 Rxc2 18.Rxc2 Rc8 19.Rxc8+ Bxc8 20.Qc1 Ne8 21.Nf3 Bd7
22.Bb2 Qc6 23.Qxc6 Bxc6 24.Nd4 Bd7 25.e4 Nc7 26.Kf1 f6 27.Nc2 Kf7 28.Ke2 Bc5
29.Ne3 d4 30.Nc4 a4 31.f4 a3 32.Ba1 Nb5 33.e5 f5 34.Bf3 Ke7 35.h3 h6 36.Bg2 Be8
37.Bf3 g5 38.Na5 Nc3+ 39.Bxc3 dxc3 40.Nc4 Bg1 41.Ne3 gxf4 42.gxf4 Bh2 43.Nc2 Bxf4
44.d4 Bb5+ 45.Kf2 Bd3 46.Nxb4 Bb1 47.Bd1 Be4 48.Bc2 Bb7 49.Bd3 Bc1 50.Nc2 Bd5  1/2-1/2

[Event "Hessen-ch int"]
[Site "Hessen"]
[Date "1999.??.??"]
[Round "3"]
[White "Schmenkel, Peter"]
[Black "Rechel, Ralf"]
[Result "0-1"]
[WhiteElo "1855"]
[BlackElo "2125"]

1.c4 e6 2.Nf3 d5 3.b3 Nf6 4.g3 Be7 5.Bb2 O-O 6.Bg2 b6 7.O-O Bb7 8.e3 Nbd7
9.Qe2 c5 10.d3 Qc7 11.Nc3 Rfd8 12.Rfd1 Rac8 13.Rac1 Qb8 14.Ba1 Qa8 15.Nb1 Bc6
16.Nbd2 b5 17.Rb1 a5 18.Ne1 bxc4 19.bxc4 Bd6 20.f4 Bc7 21.g4 d4 22.g5 dxe3
23.Nf1 Ne8 24.Bxc6 Qxc6 25.Ng2 Nf8 26.Nfxe3 Ng6 27.f5 exf5 28.Nxf5 Qd7 29.Nfe3 Qh3
30.Ng4 Rd7 31.Rd2 Re7 32.Qd1 Ne5 33.Nxe5 Bxe5 34.Bxe5 Rxe5 35.g6 hxg6 36.Nf4 Qe3+
37.Rf2 Nf6 38.h4 Rf5 39.Qf3 Qd4 40.Rf1 Re8 41.Kg2 Re3 42.Qa8+ Kh7 43.Qxa5 Ng4
44.Qc7 Nxf2 45.Rxf2 Ree5 46.a4 Rxf4  0-1

[Event "Hessen-ch int"]
[Site "Hessen"]
[Date "1999.??.??"]
[Round "6"]
[White "Bosboom, Manuel"]
[Black "Reefschlaeger, Helmut"]
[Result "1-0"]
[WhiteElo "2475"]
[BlackElo "2380"]

1.c4 e6 2.Nf3 d5 3.g3 c6 4.Qc2 dxc4 5.Qxc4 b5 6.Qc2 Bb7 7.Bg2 Nf6 8.O-O Nbd7
9.d3 Be7 10.Nbd2 O-O 11.Nb3 c5 12.a4 a6 13.Bd2 b4 14.a5 Rc8 15.Rfc1 e5 16.Bg5 Ne8
17.Be3 Kh8 18.Nxe5  1-0

[Event "HUN-chT29899"]
[Site "HUN"]
[Date "1999.??.??"]
[Round "?"]
[White "Haragos, Kalman"]
[Black "Rithnovszky, Antal"]
[Result "1/2-1/2"]
[WhiteElo "2240"]
[BlackElo "2145"]

1.Nf3 e6 2.c4 d5 3.d4 c6 4.Qc2 f5 5.g3 Nf6 6.Bg2 Bb4+ 7.Bd2 Bxd2+ 8.Nbxd2 O-O
9.O-O Bd7 10.Ne5 Be8 11.e3 Nbd7 12.Ndf3 Bh5 13.Rac1 Bxf3 14.Nxf3 Ne4 15.Nd2 Nxd2
16.Qxd2 Nf6 17.b4 Qe7 18.Qb2 g5 19.b5 Ne4 20.bxc6 bxc6 21.cxd5 cxd5 22.Rc6 Rab8
23.Qc2 Rb7 24.Rc1 Nf6 25.Rc7 Rxc7 26.Qxc7 Qxc7 27.Rxc7 Rf7 28.Rc6 Re7 29.Bf1 Kf7
30.Ba6 Ne8 31.Bc8 Ng7 32.Kf1 Ke8 33.Ba6 Kf7 34.Ke2 h5 35.h3 Ne8 36.Bc8 g4
37.hxg4 hxg4 38.a4 Nf6 39.a5 Ne8 40.f3 gxf3+ 41.Kxf3 Kf6 42.g4 fxg4+ 43.Kxg4 Rc7
44.Rxc7 Nxc7 45.Kf4 Ne8 46.Ba6 Nd6 47.Bd3 Ke7 48.Kf3  1/2-1/2

[Event "Balaton op"]
[Site "Hungary"]
[Date "1999.??.??"]
[Round "1"]
[White "Gonda, Laszlo"]
[Black "Pal, Geza"]
[Result "1/2-1/2"]
[WhiteElo "2030"]
[BlackElo "2275"]

1.c4 e6 2.Nf3 d5 3.b3 Nf6 4.Bb2 Be7 5.g3 c5 6.Bg2 O-O 7.O-O Nc6 8.d3 Bd7
9.Nbd2 Rc8 10.e4 Qc7 11.Ne1 dxc4 12.dxc4 e5 13.Nd3 Rcd8 14.Qc2 Bg4 15.Nf3 Bxf3
16.Bxf3 Nd4 17.Bxd4 Rxd4 18.Nb2 Rfd8 19.Rad1 Qa5 20.Rxd4 Rxd4 21.Na4 Qd8
22.Rd1 Rxd1+ 23.Qxd1 Qxd1+ 24.Bxd1 Nxe4 25.Bf3 Nd6 26.Nxc5 b6 27.Ne4 Nf5
28.Nc3 Kf8 29.Be4 Nd4 30.Nb5 Nxb5 31.cxb5 g6 32.a4 Bc5 33.Kf1 Ke7 34.Ke2 Kd6
35.f3 Bg1 36.h3 f5 37.Bc6 a6 38.Kd3 a5  1/2-1/2

[Event "Jesenik op"]
[Site "Jesenik"]
[Date "1999.??.??"]
[Round "?"]
[White "Cvek, Robert"]
[Black "Sosna, Jan"]
[Result "1-0"]
[WhiteElo "2440"]
[BlackElo "2350"]

1.c4 e6 2.Nf3 d5 3.d4 Nf6 4.Nc3 Be7 5.Bg5 O-O 6.e3 h6 7.Bh4 b6 8.cxd5 Nxd5
9.Bxe7 Qxe7 10.Nxd5 exd5 11.Rc1 Be6 12.Qa4 c5 13.Qa3 Rc8 14.Bb5 a6 15.dxc5 bxc5
16.O-O Qa7 17.Be2 Nd7 18.b4 d4 19.exd4 cxb4 20.Qxb4 Bxa2 21.Qa4 Be6 22.Rxc8+ Rxc8
23.Qxa6 Qxa6 24.Bxa6 Rb8 25.Rc1 Nf6 26.h3 Rb2 27.Bd3 g6 28.Rb1 Ra2 29.Ne5 Ra4
30.Bxg6 Rxd4 31.Rb8+ Kg7 32.Bxf7 Bxh3 33.gxh3 Re4 34.Rb5  1-0

[Event "Kiev-ch"]
[Site "Kiev"]
[Date "1999.??.??"]
[Round "9"]
[White "Ianovsky, Alexander"]
[Black "Panchenko, Alexandar G"]
[Result "1-0"]
[WhiteElo "2292"]
[BlackElo "2427"]

1.c4 e6 2.Nf3 d5 3.b3 Nf6 4.Bb2 Be7 5.g3 O-O 6.Bg2 a5 7.Nc3 c6 8.d4 Nbd7
9.O-O b6 10.e4 Nxe4 11.Nxe4 dxe4 12.Ne5 Nxe5 13.dxe5 e3 14.Qxd8 exf2+ 15.Kxf2 Rxd8
16.Bxc6 Rb8 17.Rad1 Ba6 18.a4 Bc5+ 19.Ke2 Kf8 20.Bc1 h6 21.g4 Rd4 22.Be3 Rxg4
23.Rd7 Be7 24.Ra7 Bc8 25.Bc1 Rd4 26.Bb2 Rh4 27.Rxe7 Rxh2+ 28.Ke1 f5 29.Ba3 Kg8
30.Bd6  1-0

[Event "Mondariz-A"]
[Site "Mondariz"]
[Date "1999.??.??"]
[Round "6"]
[White "Lopez Martinez, Jose Manuel"]
[Black "Hernandez Estevez, Yudania"]
[Result "0-1"]
[WhiteElo "2375"]
[BlackElo "2230"]

1.c4 e6 2.Nf3 d5 3.d4 c6 4.e3 Nf6 5.Nbd2 Nbd7 6.Bd3 Bd6 7.O-O O-O 8.e4 dxe4
9.Nxe4 Nxe4 10.Bxe4 f5 11.Bc2 e5 12.Bg5 Be7 13.Bxe7 Qxe7 14.Nxe5 Nxe5 15.Re1 Qb4
16.Rxe5 Qxb2 17.c5 f4 18.Rb1 Qc3 19.Rb3 Qc4 20.Rxb7 Kh8 21.Rc7 f3 22.gxf3 Ba6
23.Ree7 Rae8 24.Rxg7 Rg8 25.Rxg8+ Qxg8+ 26.Kh1 Be2 27.Bxh7 Bxd1 28.Bxg8 Bxf3+  0-1

[Event "Mondariz-A"]
[Site "Mondariz"]
[Date "1999.??.??"]
[Round "6"]
[White "Hernandez, Roman"]
[Black "Baron Rodriguez, Jesus"]
[Result "1/2-1/2"]
[WhiteElo "2425"]
[BlackElo "2405"]

1.c4 e6 2.Nf3 d5 3.d4 dxc4 4.Qa4+ Nd7 5.g3 a6 6.Nc3 Nf6 7.Bg2 Rb8 8.Qxc4 b5
9.Qd3 Bb7 10.O-O Be7 11.Bf4 Rc8 12.Rad1 O-O 13.Qb1 c5 14.dxc5  1/2-1/2

[Event "Fan Adams Int"]
[Site "New York "]
[Date "1999.??.??"]
[Round "1"]
[White "Sokolin, Leonid M"]
[Black "Payen, Arnaud"]
[Result "1/2-1/2"]
[WhiteElo "2515"]
[BlackElo "2415"]

1.c4 e6 2.Nf3 d5 3.d4 Nf6 4.Nc3 Be7 5.g3 O-O 6.Bg2 dxc4 7.O-O Nc6 8.e3 Bd6
9.Nd2 e5 10.d5 Na5 11.Qa4 b6 12.Nde4 Nxe4 13.Nxe4 Bd7 14.Qc2 a6 15.Bd2 Nb7
16.Bc3 Bf5 17.Qe2 Bxe4 18.Bxe4 f5 19.Bg2 b5 20.e4 fxe4 21.Bxe4 Nc5 22.Bc2 Qg5
23.h4 Qe7 24.Rae1 Rae8 25.b3 Nd3 26.Qe4 Qf7 27.bxc4 bxc4 28.Re3 Bc5 29.Bxd3 cxd3
30.Rxd3 Qf5 31.Qxf5 Rxf5 32.Ba5 e4 33.Rc3 Rxd5 34.Bxc7 e3 35.fxe3 Rxe3 36.Rxe3 Bxe3+
37.Kg2 Bc5 38.Bf4 a5  1/2-1/2

[Event "South Wales 3rd"]
[Site "Newport"]
[Date "1999.??.??"]
[Round "2"]
[White "Webster, Andrew"]
[Black "Devereaux, Maxim"]
[Result "1/2-1/2"]
[WhiteElo "2425"]
[BlackElo "2265"]

1.c4 e6 2.Nf3 d5 3.b3 Be7 4.Bb2 Bf6 5.Nc3 Ne7 6.d4 c5 7.cxd5 Nxd5 8.Ne4 cxd4
9.Nxf6+ Nxf6 10.Qxd4 Qxd4 11.Nxd4 O-O 12.g3 Bd7 13.Bg2 Nd5 14.O-O Rd8 15.Rfd1 Nc6
16.e4 Nc7 17.Rac1 Be8 18.e5 Nxd4 19.Rxd4 Nd5 20.Bxd5 exd5 21.Rc7 Rd7 22.Rxd7 Bxd7
23.Rxd5 Be6 24.Rd2 h5 25.Kg2 a5 26.Kf3 Kh7 27.Kf4 Kg6 28.Rd6 a4 29.Rb6 axb3
30.axb3 Rd8 31.Ke3 Rd7 32.Ba3 Kf5 33.Bd6 Kg4 34.Rb4+ Kf5 35.f3 Bd5 36.h3 f6
37.g4+ hxg4 38.hxg4+ Ke6 39.Rb6 fxe5 40.Bxe5+ Bc6 41.f4 g6 42.Rb4 Rd1 43.Rb6 Rd5  1/2-1/2

[Event "Pardubice op2"]
[Site "Pardubice"]
[Date "1999.??.??"]
[Round "?"]
[White "Gerland, Felix"]
[Black "Kostin, Alexey"]
[Result "1/2-1/2"]
[WhiteElo "2162"]
[BlackElo "2446"]

1.c4 e6 2.Nf3 d5 3.g3 Nf6 4.Bg2 Be7 5.O-O O-O 6.b3 c5 7.cxd5 exd5 8.d4 Nc6
9.Bb2 Bg4 10.Ne5 Bh5 11.Nxc6 bxc6 12.dxc5 Bxc5 13.Qc2 Bb6 14.Qxc6 Rc8 15.Bxf6 Rxc6
16.Bxd8 Bd4 17.Bxd5 Rd6 18.Be7 Rxd5 19.e4 Ra5 20.Bb4  1/2-1/2

[Event "Recklinghausen op"]
[Site "Recklinghausen"]
[Date "1999.??.??"]
[Round "3"]
[White "Pribyl, Josef"]
[Black "Lerner, Konstantin Z"]
[Result "1/2-1/2"]
[WhiteElo "2380"]
[BlackElo "2585"]

1.c4 e6 2.Nf3 d5 3.b3 Be7 4.Bb2 Bf6 5.Nc3 c5 6.cxd5 exd5 7.d4 cxd4 8.Nxd4 Ne7
9.e3 O-O 10.Be2 Nbc6 11.Nxc6 bxc6 12.O-O Nf5 13.Rc1 Re8 14.Bd3 Nh4 15.Re1 Be5
16.g3 Ng6 17.Na4 Bxb2 18.Nxb2 Qf6 19.Na4 Ne5 20.Be2 Bh3 21.Nc5 Rad8 22.Nd3 Rd6
23.Nxe5 Qxe5 24.Rc5  1/2-1/2

[Event "Recklinghausen op"]
[Site "Recklinghausen"]
[Date "1999.??.??"]
[Round "5"]
[White "Pribyl, Josef"]
[Black "Bock, Juergen"]
[Result "0-1"]
[WhiteElo "2380"]
[BlackElo "2220"]

1.c4 e6 2.Nf3 d5 3.b3 c5 4.g3 Nc6 5.Bg2 Nf6 6.Bb2 Be7 7.cxd5 exd5 8.d4 O-O
9.O-O Ne4 10.Nc3 Bf6 11.Na4 b6 12.Rc1 Re8 13.dxc5 Bxb2 14.Nxb2 bxc5 15.Nd2 Qf6
16.Nxe4 dxe4 17.Na4 Ba6 18.Rxc5 Rad8 19.Qa1 Nd4 20.Nc3 Qb6 21.Rg5 h6 22.Na4 Qf6
23.Rc5 Bxe2 24.Re1 Bd3 25.Qd1 Nf3+ 26.Bxf3 exf3 27.Rxe8+ Rxe8 28.Rc1 Qf5
29.Nc5 Re1+ 30.Qxe1 Qh3 31.Qe8+ Kh7  0-1

[Event "Santiago op"]
[Site "Santiago"]
[Date "1999.??.??"]
[Round "5"]
[White "Moyano, Helios"]
[Black "Henriquez, Arturo"]
[Result "0-1"]
[WhiteElo "2040"]
[BlackElo "2126"]

1.c4 e6 2.Nf3 d5 3.b3 Nf6 4.Bb2 b6 5.g3 Bb7 6.Bg2 dxc4 7.bxc4 Be7 8.O-O c5
9.d3 O-O 10.Nbd2 Re8 11.Nb3 Nc6 12.Qc2 Qc7 13.d4 cxd4 14.Nfxd4 Nxd4 15.Nxd4 Bxg2
16.Kxg2 Rac8 17.Rac1 a6 18.Qa4 Qb7+ 19.Kg1 Ne4 20.Rc2 Nc5 21.Qa3 Bf6 22.Qe3 Red8
23.Rfc1 Qe4 24.Qxe4 Nxe4 25.Nb3 Bxb2 26.Rxb2 Rc7 27.Rbc2 Nc5 28.f3 Kf8 29.Kf2 Ke7
30.Ke1 e5 31.Rd2 Rdc8 32.Rd5 f6 33.Rcd1 Na4 34.c5 bxc5 35.Rd6 Nc3 36.R1d2 c4
37.Na5 Nxa2 38.Rxa6 Nb4  0-1

[Event "Staufer-Open 11th"]
[Site "Schwaebisch Gmuend"]
[Date "1999.??.??"]
[Round "5"]
[White "Becker, Thomas"]
[Black "Namyslo, Holger"]
[Result "0-1"]
[WhiteElo "2077"]
[BlackElo "2250"]

1.c4 e6 2.Nf3 d5 3.e3 Nf6 4.Be2 Nbd7 5.O-O Be7 6.b3 O-O 7.d4 b6 8.a4 Bb7
9.a5 c5 10.a6 Bc6 11.Nc3 Ne4 12.Nxe4 dxe4 13.Nd2 f5 14.f3 cxd4 15.exd4 Bf6
16.Bb2 Nc5 17.Kh1 Bxd4 18.Qc2 Bxb2 19.Qxb2 Nd3 20.Qc3 Nf4 21.Rfe1 Qg5 22.Bf1 exf3
23.Nxf3 Qg4 24.Re3 Rad8 25.Ne5 Bxg2+ 26.Kg1 Qg5 27.h4 Qxh4 28.Bxg2 Qg5 29.Ra2 Rd1+
30.Kh2 Rf6  0-1

[Event "Staufer-Open 11th"]
[Site "Schwaebisch Gmuend"]
[Date "1999.??.??"]
[Round "5"]
[White "Vehreschild, Axel"]
[Black "Kalinitschew, Sergey"]
[Result "0-1"]
[WhiteElo "2110"]
[BlackElo "2505"]

1.c4 e6 2.Nf3 d5 3.g3 dxc4 4.Qa4+ Nd7 5.Qxc4 a6 6.Bg2 b5 7.Qc2 Bb7 8.O-O c5
9.b3 Be7 10.Bb2 Bf6 11.Nc3 Ne7 12.Rac1 Rc8 13.Rfd1 Qb6 14.d3 O-O 15.h4 h6
16.Nd2 Bxg2 17.Kxg2 Nc6 18.Nce4 Bxb2 19.Qxb2 f5 20.Nc3 Nde5 21.Ncb1 Nd4 22.f3 Qd6
23.Kf2 Rcd8 24.Nf1 f4 25.g4 Qe7 26.Kg2 Qxh4 27.Rxc5 Nxg4 28.fxg4 Qxg4+ 29.Kf2 f3  0-1

[Event "Staufer-Open 11th"]
[Site "Schwaebisch Gmuend"]
[Date "1999.??.??"]
[Round "8"]
[White "Prusikin, Mikhajlo"]
[Black "Jonkman, Harmen"]
[Result "0-1"]
[WhiteElo "2475"]
[BlackElo "2310"]

1.c4 e6 2.Nf3 d5 3.b3 Nf6 4.Bb2 Be7 5.g3 O-O 6.Bg2 c6 7.O-O Nbd7 8.d3 Re8
9.Nbd2 Qc7 10.Rc1 a5 11.a3 Bd6 12.Qc2 Qd8 13.d4 Qe7 14.c5 Bc7 15.e4 b6 16.Rfe1 Bb7
17.exd5 Nxd5 18.Ne4 h6 19.Nfd2 bxc5 20.dxc5 f5 21.Nc3 Qf7 22.Nxd5 exd5 23.Nf3 Rxe1+
24.Rxe1 Re8 25.Rxe8+ Qxe8 26.Bh3 f4 27.Kg2 Ba6 28.Qf5 Nxc5 29.Ne5 fxg3 30.hxg3 Bxe5
31.Bxe5 Bd3 32.Qf4 Be4+ 33.f3 Nd3 34.Qe3 Qxe5 35.fxe4 Qxe4+ 36.Qxe4 dxe4
37.Bf5 Nc5 38.Kf2 Kf7 39.Ke3 Kf6 40.Bh7 Ke5 41.Bg6 Nxb3 42.Bxe4 Nd4 43.Kd3 h5
44.Bg6 Nf5 45.Bxh5 Nxg3 46.Be8 Kd5 47.Bg6 Kc5 48.Ke3 Kc4 49.Kf3 Nf1  0-1

[Event "St Lorrain Masters-B"]
[Site "St Lorrain"]
[Date "1999.??.??"]
[Round "?"]
[White "Adrian, Claude"]
[Black "Guido, Flavio"]
[Result "1-0"]
[WhiteElo "2315"]
[BlackElo "2365"]

1.c4 e6 2.Nf3 d5 3.d4 Nf6 4.g3 Bb4+ 5.Bd2 Be7 6.Bg2 O-O 7.O-O c6 8.Qc2 b6
9.b3 Nbd7 10.Rc1 Ba6 11.a4 c5 12.Na3 Bb7 13.a5 dxc4 14.Nxc4 b5 15.Ne3 Bxf3
16.Bxf3 cxd4 17.Nf1 Rc8 18.Qd3 Nc5 19.Qxb5 Rb8 20.Rxc5 Rxb5 21.Rxb5 e5 22.Rxe5 Qd7
23.Rc1 Rb8 24.Bg5 h6 25.Bxf6 Bxf6 26.Rd5 Qe7 27.Nd2 Qb4 28.Ne4 Bd8 29.Rcc5 Kh7
30.Kg2 Qe1 31.Rxd4 Bxa5 32.Rd7 Bb6 33.Rf5 Rf8 34.Rfxf7 Rxf7 35.Rxf7 Qb4 36.h4 Kg8
37.Rd7 Qxb3 38.Nf6+ Kf8 39.Bd5 Qb5 40.Rf7+  1-0

[Event "St Lorrain"]
[Site "St Lorrain"]
[Date "1999.??.??"]
[Round "8"]
[White "Veron, Cyprien"]
[Black "Petitpas, Franck"]
[Result "1/2-1/2"]
[WhiteElo "2160"]
[BlackElo "1870"]

1.c4 e6 2.Nf3 d5 3.g3 Nf6 4.Bg2 Bd6 5.O-O O-O 6.b3 c6 7.Bb2 Nbd7 8.d4 Re8
9.Nc3 b6 10.Re1 Bb7 11.e4 Nxe4 12.Nxe4 dxe4 13.Rxe4 Nf6 14.Re2 c5 15.Qc2 cxd4
16.Bxd4 Qe7 17.Rd1 Bc5 18.Bb2 h6 19.Nd4 Bxg2 20.Kxg2 Rad8 21.f3 Qb7 22.a3 a5
23.Red2 Ng4 24.Re1 e5 25.Nf5 g6 26.Rxd8 Rxd8  1/2-1/2

[Event "White Nights (Women)"]
[Site "St Petersburg"]
[Date "1999.??.??"]
[Round "7"]
[White "Rubzova, Tatiana"]
[Black "Koroljova, Valerija"]
[Result "1-0"]
[WhiteElo "2297"]
[BlackElo "2200"]

1.c4 e6 2.Nf3 d5 3.b3 c5 4.Bb2 d4 5.b4 Nc6 6.bxc5 Bxc5 7.g3 e5 8.d3 f5 9.Bg2 Nf6
10.O-O O-O 11.Nbd2 Qd6 12.Nb3 Bd7 13.Nxc5 Qxc5 14.Qc1 e4 15.Ba3 Qa5 16.Nd2 Rfe8
17.Nb3 Qe5 18.Bb2 Rad8 19.e3 f4 20.exd4 Qh5 21.Qxf4 e3 22.fxe3 Ng4 23.Bd5+ Kh8
24.h4 Nxe3 25.Bf7 Qe2 26.Rf2 Qxd3 27.Bxe8 Bf5 28.Re1 Nd1 29.Rd2 Qxc4 30.Qxf5  1-0

[Event "CZE-ch U16"]
[Site "Svetla nad Sazavou"]
[Date "1999.??.??"]
[Round "3"]
[White "Cernousek, Lukas"]
[Black "Vaculik, Martin"]
[Result "1-0"]
[WhiteElo "2183"]
[BlackElo "2126"]

1.c4 e6 2.Nf3 d5 3.g3 dxc4 4.Qa4+ Nd7 5.Qxc4 Ngf6 6.Bg2 a6 7.Qc2 Nd5 8.Nc3 c5
9.Nxd5 exd5 10.d4 c4 11.e4 b5 12.O-O Bb7 13.exd5 Bxd5 14.Bg5 f6 15.Rfe1+ Be7
16.Bd2 Nb8 17.Bb4 Nc6 18.Rxe7+ Nxe7 19.Re1 Ra7 20.Qf5 g6 21.Qxf6 Rf8 22.Qg7 Bxf3
23.Bxf3 Rxf3 24.Qxh7 Rf7 25.Qg8+ Rf8 26.Qxg6+ Rf7 27.d5 Kf8 28.Re5 Ke8 29.d6 Rd7
30.Qg8+ Rf8 31.Qxf8+ Kxf8 32.dxe7+  1-0

[Event "SWZ-chT"]
[Site "SWZ"]
[Date "1999.??.??"]
[Round "1"]
[White "Zueger, Beat"]
[Black "Kaenel, Hansjuerg"]
[Result "1/2-1/2"]
[WhiteElo "2424"]
[BlackElo "2402"]

1.c4 e6 2.Nf3 d5 3.d4 c6 4.Qc2 f5 5.g3 Nf6 6.Bg2 Bd6 7.O-O O-O 8.b3 Qe7 9.Bb2 b6
10.Ne5 Bb7 11.Nd2 Nbd7 12.e3 Rac8 13.Nxd7 Qxd7 14.Rad1 Qe7 15.Nf3 Nd7 16.Ne5 Nxe5
17.dxe5 Bc5 18.Rfe1  1/2-1/2

[Event "Tampere op3"]
[Site "Tampere"]
[Date "1999.??.??"]
[Round "5"]
[White "Perman, Torvald"]
[Black "Lehtinen, Antti"]
[Result "0-1"]
[WhiteElo "2120"]
[BlackElo "2155"]

1.c4 e6 2.Nf3 d5 3.g3 b6 4.Bg2 Nf6 5.O-O Bb7 6.d4 Be7 7.Nc3 Nbd7 8.cxd5 exd5
9.Bf4 O-O 10.Ne5 Nxe5 11.Bxe5 Qd7 12.Qb3 Rfd8 13.Rfd1 c6 14.a4 Qf5 15.Bxf6 Bxf6
16.e3 Rd6 17.Ne2 Bd8 18.Nf4 Rh6 19.a5 b5 20.Qd3 Qf6 21.e4 Bc7 22.a6 Bc8 23.e5 Qe7
24.Qc3 Bb6 25.e6 fxe6 26.Qxc6 Rb8 27.Qxb5 Bc7 28.Qe2 Bxf4 29.gxf4 Qh4 30.f5 Qxh2+
31.Kf1 Bd7 32.Ra5 Qc7 33.fxe6 Bxe6 34.Rb5 Rf8 35.Rb7 Qf4 36.Qd2 Qh2  0-1

[Event "RUS-Cup"]
[Site "Tula "]
[Date "1999.??.??"]
[Round "2"]
[White "Malaniuk, Vladimir P"]
[Black "Goloshchapov, Alexander"]
[Result "1/2-1/2"]
[WhiteElo "2552"]
[BlackElo "2446"]

1.c4 e6 2.Nf3 d5 3.e3 Nf6 4.b3 b6 5.Bb2 Bb7 6.Nc3 Nbd7 7.d4 Bd6 8.Bd3 O-O
9.O-O a6 10.Rc1 Ne4 11.Ne2 Qe7 12.Qc2 Rad8 13.cxd5 exd5 14.Ne5 Nb8 15.f3 Nf6
16.Ng3 g6 17.Qe2 Nfd7 18.f4 f6 19.Nxg6 hxg6 20.Bxg6 f5 21.Nxf5 Rxf5 22.Bxf5 Nf6
23.Rf3 Kf7 24.Rcf1 Bc8 25.Bxc8 Rxc8 26.Bc3 Rh8 27.Be1 a5 28.h4 Nbd7 29.Rh3 Qe4
30.h5 Qf5 31.Rh4 Rxh5 32.g4 Qg6 33.Rxh5 Nxh5 34.Qg2 Nhf6 35.g5 Ne4 36.Qh3 Nf8
37.Kg2 Ne6 38.Qg4 Ng7 39.Qd7+ Kg8 40.Qd8+ Kf7 41.Qd7+ Kg8 42.Qd8+ Kf7  1/2-1/2

[Event "It B"]
[Site "Paretana ESP"]
[Date "2000.01.05"]
[Round "8"]
[White "Baches Garcia,G"]
[Black "Trabert,B"]
[Result "1/2-1/2"]
[WhiteElo "2285"]
[BlackElo "2301"]

1.c4 e6 2.Nf3 d5 3.e3 Nf6 4.b3 Bd6 5.Bb2 O-O 6.Qc2 Nbd7 7.Nc3 c6 8.Be2 a6
9.d4 Qe7 10.h3 dxc4 11.bxc4 e5 12.O-O Re8 13.Rfe1 e4 14.Nd2 Nf8 15.f3 exf3
16.Bxf3 Ne6 17.Re2 Bc7 18.c5  1/2-1/2

[Event "VII Anibal Open"]
[Site "Linares ESP"]
[Date "2000.01.08"]
[Round "2"]
[White "Sorokin,M"]
[Black "Piankov,E"]
[Result "1-0"]
[WhiteElo "2574"]
[BlackElo "2374"]

1.c4 e6 2.Nf3 d5 3.b3 Nf6 4.Bb2 Be7 5.g3 O-O 6.Bg2 c6 7.O-O b5 8.Qc2 a5 9.d3 Bb7
10.Nbd2 Na6 11.a3 b4 12.a4 Rc8 13.e4 Nc5 14.e5 Ne8 15.Rad1 Nd7 16.Rfe1 g6
17.Nf1 Ng7 18.Ne3 Re8 19.Bc1 Bf8 20.Ng4 Nf5 21.Bg5 Be7 22.h4 h5 23.Nh6+ Nxh6
24.Bxh6 Bf8 25.Qd2 Bg7 26.Bxg7 Kxg7 27.Ng5 Qe7 28.Qf4 Red8 29.Re3 Rc7 30.Rf3 Rf8
31.Qe3 c5 32.Rf4 Nb6 33.Bh3 dxc4 34.dxc4 Rd7 35.Re1 Rc7 36.Kh2 Ba8 37.Rf6 Nd7
38.Rxe6 fxe6 39.Nxe6+ Kh7 40.Nxc7 Rf3 41.Qg5 Qxg5 42.hxg5 Bc6 43.e6 Nb8 44.e7 Rxb3
45.Re6  1-0

[Event "VII Anibal Open"]
[Site "Linares ESP"]
[Date "2000.01.15"]
[Round "9"]
[White "Hauchard,A"]
[Black "Kalantarian,N"]
[Result "0-1"]
[WhiteElo "2518"]
[BlackElo "2437"]

1.c4 e6 2.Nf3 d5 3.b3 Nf6 4.g3 Be7 5.Bg2 O-O 6.O-O b6 7.Bb2 Bb7 8.d3 c5 9.e3 Nc6
10.Qe2 Qc7 11.Nc3 dxc4 12.bxc4 Rac8 13.Rab1 Rfd8 14.Ba1 Qb8 15.Ne1 Rd7 16.f4 Rcd8
17.a3 Na5 18.Bxb7 Qxb7 19.g4 Bf8 20.g5 Ne8 21.Nd1 Qc6 22.Nf2 Qa4 23.Nf3 Nc6
24.Ne5 Nxe5 25.Bxe5 Nd6 26.e4 Rb7 27.Ng4 b5 28.Qd2 Ne8 29.Rxb5 Rbd7 30.Nf2 a6
31.Rb6 Bd6 32.Bxd6 Nxd6 33.Ng4 Ne8 34.Ne5 Rc7 35.Qb2 f6 36.gxf6 gxf6 37.Ng4 Rg7
38.h3 h5 39.Rxe6 hxg4 40.hxg4 Qd7 41.f5 Rxg4+  0-1

[Event "V Ubeda Open"]
[Site "Ubeda ESP"]
[Date "2000.01.23"]
[Round "5"]
[White "Del Rio Angelis,S"]
[Black "Korneev,O"]
[Result "1/2-1/2"]
[WhiteElo "2463"]
[BlackElo "2619"]

1.c4 e6 2.Nf3 d5 3.b3 Nf6 4.g3 d4 5.Bg2 Nc6 6.O-O Bc5 7.d3 O-O 8.Ba3 Bxa3
9.Nxa3 Re8 10.Nc2 a5 11.a3 e5 12.b4 Qd6 13.b5 Ne7 14.e3 c5 15.bxc6 Nxc6 16.exd4 exd4
17.Rb1 h6 18.Rb5 Rb8 19.Qa1 Bd7 20.Rfb1 Qc7 21.Qb2 Qd6 22.Qc1 Qc7 23.Qb2 Qd6
24.Qc1 Qc7 25.Qf4 Qxf4 26.gxf4 Rbd8 27.Ne5 Nxe5 28.Rxe5 Ba4 29.Ne1 Rxe5 30.fxe5 Nd7
31.Rxb7 Nxe5 32.Ra7 Re8 33.Kf1 Bc6 34.Rxa5 Bxg2+ 35.Kxg2 Nxc4 36.dxc4 Rxe1
37.Rd5  1/2-1/2

[Event "ch-BRA"]
[Site "Brasilia BRA"]
[Date "2000.01.24"]
[Round "6"]
[White "Disconzi da Silva,R"]
[Black "Chemin,V"]
[Result "1/2-1/2"]
[WhiteElo "2365"]
[BlackElo "2313"]

1.c4 e6 2.Nf3 d5 3.g3 Nf6 4.Bg2 Be7 5.O-O c5 6.cxd5 exd5 7.d4 Nc6 8.Nc3 O-O
9.b3 Be6 10.Bb2 cxd4 11.Nb5 Qd7 12.Nbxd4 Rac8 13.Rc1 Nxd4 14.Qxd4 b6 15.Ne5 Qb7
16.Nd3 Rxc1 17.Rxc1 Rc8 18.Rxc8+ Qxc8 19.Qc3 Qxc3 20.Bxc3 Ne4 21.Bd4 f6 22.e3 Kf7
23.Nf4 Bd6 24.f3 Nc5 25.Nxe6 Kxe6 26.Bh3+ Ke7 27.Bf5 g6 28.Bc2 Be5 29.Bxc5+ bxc5
30.f4 Bc3 31.g4 Be1 32.Kf1 Bh4 33.Ke2 Kd6 34.Kd2 a5 35.Ke2 Kc6 36.Bd3 Kb6
37.a4 Kc6 38.Ba6 Kd6 39.Bb7 c4 40.bxc4 dxc4 41.Kd2 Kc5 42.Be4 Kb4 43.Bc2 c3+
44.Kd3 Bf2 45.Ke2 Bg1 46.h4 Ka3 47.h5 Kb2 48.hxg6 hxg6 49.Kd1 Bxe3 50.Bxg6 Bxf4
51.Bf5 Kb3 52.Bc2+ Kc4 53.Ke2 Kd4 54.Bd3 Bd6 55.Bc2 Ba3 56.Bb1 Bc1 57.Bd3 Bg5
58.Bc2 Ke5 59.Kf3 Bc1 60.Bd3 Bh6 61.Bc2 Kd4 62.Ke2 Bf8 63.Bd3 Bd6 64.Bc2 Kc4
65.Bd1 Kb4 66.Kd3 Be5 67.Bc2 Ka3 68.Bd1 Kb2 69.Bc2  1/2-1/2

[Event "V Ubeda Open"]
[Site "Ubeda ESP"]
[Date "2000.01.25"]
[Round "7"]
[White "Timon Piote,S"]
[Black "Castillo Gallego,S"]
[Result "1-0"]
[WhiteElo "2255"]
[BlackElo "2196"]

1.c4 e6 2.Nf3 d5 3.d4 c6 4.e3 Bd6 5.Nbd2 Nd7 6.e4 Qa5 7.Bd3 dxe4 8.Bxe4 Ngf6
9.Bc2 O-O 10.O-O Qh5 11.Re1 Re8 12.Ne4 Nxe4 13.Rxe4 Be7 14.Qe1 b6 15.Bd2 Bf6
16.h4 Bd8 17.Bd1 Nf6 18.Ne5 Qf5 19.Rf4  1-0

[Event "Israeli League"]
[Site "Ramat Aviv ISR"]
[Date "2000.01.28"]
[Round "3"]
[White "Botvinnik,Il"]
[Black "Rabinovich,Al"]
[Result "1/2-1/2"]
[WhiteElo "2405"]
[BlackElo "2406"]

1.c4 e6 2.Nf3 d5 3.g3 c6 4.Qc2 dxc4 5.Qxc4 b5 6.Qb3 a6 7.Bg2 Bb7 8.O-O Nf6
9.Ne5 Nbd7 10.Nxd7 Qxd7 11.d3 Be7 12.Bg5 c5 13.Bxb7 Qxb7 14.a4 Qd5 15.Qxd5 Nxd5
16.Bxe7 Kxe7 17.Rc1  1/2-1/2

[Event "Perenyi Mem"]
[Site "Gyula HUN"]
[Date "2000.02.01"]
[Round "10"]
[White "Ruck,R"]
[Black "Dittmar,P"]
[Result "1-0"]
[WhiteElo "2472"]
[BlackElo "2308"]

1.c4 e6 2.Nf3 d5 3.d4 c5 4.cxd5 exd5 5.g3 Nf6 6.Bg2 Nc6 7.O-O Be7 8.Nc3 O-O
9.Bg5 cxd4 10.Nxd4 h6 11.Be3 Re8 12.Rc1 Bf8 13.Nb3 Be6 14.Bd4 Bb4 15.Bc5 Bxc3
16.Rxc3 Ne4 17.Rc1 Qd7 18.Be3 Bh3 19.Nd4 Re5 20.Nxc6 bxc6 21.Bf4 Bxg2 22.Bxe5 Bxf1
23.Kxf1 Rc8 24.f3 Ng5 25.b4 Qe7 26.Bc3 Ne6 27.Be1 Qb7 28.Qd3 c5 29.bxc5 Rxc5
30.Rb1 Qc7 31.a4 d4 32.Qe4 Rc6 33.a5 Qd7 34.Rb8+ Rc8 35.Qb7 Qxb7 36.Rxb7 a6
37.Rb6 Ra8 38.f4 g6 39.Kf2 h5 40.Bb4 Nc7 41.Bd6 Nb5 42.Be5 Kf8 43.Kf3 Rd8
44.Rxa6 d3 45.exd3 Rxd3+ 46.Ke4 Rd2 47.Rb6 Na3 48.Bd6+  1-0